01618cam a22003737a 4500003000500000005001700005008004100022010001000063011001000073035001000083040000900093090001000102100004200112245023900154260004100393300001100434502008500445590003700530590004100567590004100608590004100649590004200690650002000732650003000752700003900782901000700821905002600828942000900854949005500863949004200918999001700960952014000977952012701117CHAP20250703083537.0010920d2001 mx r 00110 spa d a84778 a85750 a96286 cCHAP aTesis10aSegura García, Perla Melina910364910aEstudio previo de factibilidad técnico-económica de la producción intensiva de avestruz en la comunidad de San Pablo Ixayoc, municipio de Texcoco, Estado de Méxicoc/por Perla Melina Segura García y Fermín Tiburcio Rosales aChapingo, Méx. :bEl autor,c2001. a142 h. aTesis (Ing. Agroindustrial) -- UACH. Departamento de Ingeniería Agroindustrial aALEPHb10c20130110lUCH01h1443 aBATCH-UPDb10c20130110lUCH01h0419 aBATCH-UPDb10c20130410lUCH01h0054 aBATCH-UPDb10c20130914lUCH01h0452 aCONVERSIONb10c20130109lUCH01h134714aAvestruz.9869314aCarne de avestruz.91911710aTiburcio Rosales, Fermín9113032 aBK aAlejandra Carrasco M. cFOLL bBCcTESd33724000857199eTS2fc.2h38565i96286si bBCcTESd962861eTS1h38564i96286sb c84778d84778 00102local4053708TESISaBCbBCcPA_TESISd2019-12-31fTESISl0oTesisp33724000857199r2019-12-31 00:00:00tc.2w2019-12-31yTESIS 00102local4051708TESISaBCbBCcPA_TESISd2019-12-31fTESISl0oTesisp962861r2019-12-31 00:00:00w2019-12-31yTESIS